[Event "Outaouais-ch"]
[Site "Gatineau CAN"]
[Date "1996.03.01"]
[Round "1"]
[White "Charbonneau, Alain"]
[Black "Van Adel, Steven"]
[Result "1/2-1/2"]
[WhiteElo "1790"]
[BlackElo "1794"]
[PlyCount "80"]
[EventDate "1996.03.01"]
[EventType "tourn"]
[EventRounds "9"]
[EventCountry "CAN"]

1. d4 d5 2. c4 Bf5 3. Nc3 e6 4. Nf3 Nc6 5. Bg5 Be7 6. Bxe7 Ngxe7 7. a3 dxc4 8.
e3 Na5 9. Nd2 Nd5 10. Nxc4 Nxc3 11. bxc3 Nxc4 12. Bxc4 O-O 13. Qf3 c6 14. O-O
Qh4 15. Be2 Be4 16. Qg4 Qxg4 17. Bxg4 f5 18. Be2 f4 19. f3 Bg6 20. Bc4 fxe3 21.
Rfe1 Rf6 22. Rxe3 Bf7 23. Rae1 Re8 24. a4 b6 25. Ba6 Rd8 26. Re5 Kf8 27. Kf2
Rf5 28. g4 Rxe5 29. Rxe5 Rd5 30. Ke3 c5 31. f4 cxd4+ 32. cxd4 Ke7 33. Rxd5 exd5
34. Bd3 h6 35. h4 a5 36. Bb5 Kf6 37. Bc6 g5 38. fxg5+ hxg5 39. h5 Be6 40. Kf3
Kg7 1/2-1/2

[Event "Outaouais-ch"]
[Site "Gatineau CAN"]
[Date "1996.03.01"]
[Round "1"]
[White "Cote, Jacques"]
[Black "Groleau, Gilles"]
[Result "0-1"]
[WhiteElo "2071"]
[BlackElo "1999"]
[PlyCount "92"]
[EventDate "1996.03.01"]
[EventType "tourn"]
[EventRounds "9"]
[EventCountry "CAN"]

1. e4 c5 2. Nf3 e6 3. Nc3 Nc6 4. d4 cxd4 5. Nxd4 a6 6. Be3 Nf6 7. Nxc6 bxc6 8.
e5 Nd5 9. Nxd5 cxd5 10. Bd3 Qc7 11. Bd4 g6 12. O-O Bg7 13. Re1 O-O 14. Rc1 d6
15. c4 Qb8 16. f4 dxc4 17. Rxc4 d5 18. Rc6 Qb4 19. Bc5 Qb7 20. Rb6 Qc7 21. b4
a5 22. Rb5 axb4 23. Bxb4 Rd8 24. Re2 Bd7 25. Rc2 Qa7+ 26. Bc5 Qa4 27. Rb4 Qa5
28. Qb1 Bf8 29. Bxf8 Kxf8 30. Rb7 Be8 31. Qc1 Qa3 32. Qe3 Rdc8 33. Rxc8 Rxc8
34. Qd2 Rc1+ 35. Kf2 Qc5+ 36. Qe3 d4 37. Qe2 Bc6 38. Rb8+ Kg7 39. Kg3 Rc3 40.
Rb3 Bb5 41. Rxc3 Qxc3 42. Qg4 Qxd3+ 43. Kh4 Qf5 44. Qf3 g5+ 45. fxg5 Qxf3 46.
gxf3 d3 0-1

[Event "Outaouais-ch"]
[Site "Gatineau CAN"]
[Date "1996.03.01"]
[Round "1"]
[White "Jobin, Gilles G"]
[Black "Maisonneuve, Paul"]
[Result "1-0"]
[WhiteElo "1845"]
[BlackElo "1477"]
[PlyCount "61"]
[EventDate "1996.03.01"]
[EventType "tourn"]
[EventRounds "9"]
[EventCountry "CAN"]

1. Nf3 Nf6 2. g3 d6 3. d4 c6 4. Bg2 g6 5. Nbd2 Bg7 6. e4 O-O 7. c3 Nbd7 8. Qe2
c5 9. e5 dxe5 10. dxe5 Ng4 11. e6 Nde5 12. Nxe5 Nxe5 13. exf7+ Rxf7 14. O-O Rb8
15. Nc4 Ng4 16. h3 Nf6 17. Bf4 Bf5 18. Rad1 Qe8 19. Bxb8 Qxb8 20. Ne5 Rf8 21.
Qc4+ e6 22. Nd7 Nxd7 23. Rxd7 Kh8 24. Rfd1 Bf6 25. Rxb7 Qc8 26. Rdd7 g5 27.
Rbc7 Qe8 28. g4 Bg6 29. Rxa7 Rf7 30. Rxf7 Bxf7 31. Ra8 1-0

[Event "Outaouais-ch"]
[Site "Gatineau CAN"]
[Date "1996.03.01"]
[Round "1"]
[White "Papineau, Andre"]
[Black "Roy, Roger"]
[Result "0-1"]
[WhiteElo "1703"]
[BlackElo "1714"]
[PlyCount "44"]
[EventDate "1996.03.01"]
[EventType "tourn"]
[EventRounds "9"]
[EventCountry "CAN"]

1. d4 g6 2. g3 Bg7 3. Bg2 d5 4. Nf3 c6 5. O-O Nf6 6. c4 O-O 7. e3 Bg4 8. Nbd2
Qc8 9. cxd5 cxd5 10. Qb3 Nc6 11. Ne5 Bh3 12. Bxh3 Qxh3 13. Ndf3 Rab8 14. Bd2
Nxe5 15. Nxe5 Ne4 16. Nf3 Qg4 17. Kg2 Qxf3+ 18. Kxf3 Nxd2+ 19. Ke2 Nxb3 20.
axb3 a6 21. Rfc1 Rfc8 22. Rc3 Rxc3 0-1

[Event "Outaouais-ch"]
[Site "Gatineau CAN"]
[Date "1996.??.??"]
[Round "2"]
[White "Danis, Jacques"]
[Black "Papineau, Andre"]
[Result "0-1"]
[WhiteElo "1622"]
[BlackElo "1703"]
[PlyCount "44"]
[EventDate "1996.03.01"]
[EventType "tourn"]
[EventRounds "9"]
[EventCountry "CAN"]

1. e4 c5 2. d4 cxd4 3. c3 dxc3 4. Nxc3 Nc6 5. Nf3 d6 6. Bc4 Bg4 7. Bxf7+ Kxf7
8. Ng5+ Ke8 9. Qxg4 Ne5 10. Qe2 h6 11. f4 hxg5 12. fxe5 dxe5 13. Bxg5 Nf6 14.
O-O Qb6+ 15. Kh1 Rd8 16. Rac1 g6 17. Bxf6 exf6 18. Nd5 Rxd5 19. exd5 Bc5 20. b4
Qxb4 21. Rxf6 Rxh2+ 22. Kxh2 Qh4# 0-1

[Event "Outaouais-ch"]
[Site "Gatineau CAN"]
[Date "1996.??.??"]
[Round "2"]
[White "Groleau, Gilles"]
[Black "Charbonneau, Alain"]
[Result "1/2-1/2"]
[WhiteElo "1999"]
[BlackElo "1790"]
[PlyCount "88"]
[EventDate "1996.03.01"]
[EventType "tourn"]
[EventRounds "9"]
[EventCountry "CAN"]

1. e4 c5 2. Nf3 d6 3. Bb5+ Bd7 4. Bxd7+ Qxd7 5. O-O Nc6 6. c3 g6 7. d4 cxd4 8.
cxd4 Bg7 9. Nc3 Nf6 10. h3 O-O 11. Be3 Rfd8 12. d5 Na5 13. Qd3 Rdc8 14. Nd2 Nh5
15. g4 Bxc3 16. bxc3 Nf6 17. Bd4 e5 18. dxe6 Qxe6 19. Rfe1 Nc6 20. Bxf6 Qxf6
21. Rad1 Ne5 22. Qe3 Rc5 23. f4 Nc4 24. Nxc4 Rxc4 25. Rd3 Rac8 26. g5 Qe6 27.
Re2 b5 28. Qf3 a5 29. e5 dxe5 30. Rxe5 Qb6+ 31. Kg2 b4 32. cxb4 Rc2+ 33. Re2
axb4 34. Rdd2 Rc1 35. Qe3 Qc6+ 36. Qe4 Qc5 37. Qd4 Qc6+ 38. Kg3 Rc3+ 39. Re3
Qe6 40. Rde2 Rxe3+ 41. Rxe3 Rc3 42. Qd8+ Kg7 43. Qd4+ Kg8 44. Qd8+ Kg7 1/2-1/2

[Event "Outaouais-ch"]
[Site "Gatineau CAN"]
[Date "1996.??.??"]
[Round "2"]
[White "Laurin, Jacques"]
[Black "Cote, Jacques"]
[Result "0-1"]
[WhiteElo "1777"]
[BlackElo "2071"]
[PlyCount "84"]
[EventDate "1996.03.01"]
[EventType "tourn"]
[EventRounds "9"]
[EventCountry "CAN"]

1. d4 f5 2. c4 Nf6 3. Nc3 e6 4. Nf3 d5 5. Bg5 c6 6. e3 Bd6 7. Ne5 O-O 8. Bd3
Qe8 9. h4 Bxe5 10. dxe5 Ng4 11. cxd5 exd5 12. Bf4 Nxe5 13. Be2 Nbd7 14. Qd4 Ng6
15. Bg3 Qe6 16. h5 Ne7 17. h6 gxh6 18. Bf4 Rf6 19. Bf3 Kf8 20. b4 a5 21. Na4
axb4 22. Nb6 c5 23. Nxd7+ Bxd7 24. Qxc5 b3 25. a3 b2 26. Rb1 Rc8 27. Bc7 Qc6
28. Qd4 Rxc7 29. O-O Qc3 30. Rxb2 Qxd4 31. exd4 b5 32. Re1 Rc4 33. Rbe2 Ng6 34.
Bxd5 Rxd4 35. Ba2 f4 36. f3 Rd3 37. Rc2 Rxa3 38. Rd1 Ne5 39. Bb1 Ra1 40. Rc7
Ke7 41. Kh2 Rd6 42. Re1 Kf6 0-1

[Event "Outaouais-ch"]
[Site "Gatineau CAN"]
[Date "1996.??.??"]
[Round "2"]
[White "Roy, Roger"]
[Black "Jobin, Gilles G"]
[Result "1/2-1/2"]
[WhiteElo "1714"]
[BlackElo "1845"]
[PlyCount "42"]
[EventDate "1996.03.01"]
[EventType "tourn"]
[EventRounds "9"]
[EventCountry "CAN"]

1. d4 e6 2. c4 d5 3. Nc3 Nf6 4. Nf3 c6 5. cxd5 exd5 6. a3 Be7 7. Qc2 Bg4 8. Ne5
Bh5 9. e3 Nbd7 10. Nxd7 Qxd7 11. h3 Qe6 12. Bd3 Bg6 13. O-O Bxd3 14. Qxd3 Ne4
15. Nxe4 dxe4 16. Qc2 O-O 17. Bd2 Rad8 18. Rac1 Rd5 19. Qc4 Qg6 20. Bb4 Bxb4
21. Qxb4 Rb5 1/2-1/2

[Event "Outaouais-ch"]
[Site "Gatineau CAN"]
[Date "1996.??.??"]
[Round "3"]
[White "Jobin, Gilles G"]
[Black "Danis, Jacques"]
[Result "1-0"]
[WhiteElo "1845"]
[BlackElo "1622"]
[PlyCount "73"]
[EventDate "1996.03.01"]
[EventType "tourn"]
[EventRounds "9"]
[EventCountry "CAN"]

1. e4 c5 2. Nf3 d6 3. d3 g6 4. g3 Bg7 5. Bg2 Nc6 6. c3 Qb6 7. Nbd2 e6 8. Nc4
Qc7 9. a4 Nge7 10. O-O O-O 11. h4 d5 12. Ncd2 b6 13. Re1 Bb7 14. Nf1 Rad8 15.
Qe2 Ba6 16. e5 d4 17. c4 Bb7 18. Bf4 Nb4 19. Rac1 Qb8 20. h5 h6 21. g4 g5 22.
Bg3 Qa8 23. N1h2 Rde8 24. Rf1 Qc8 25. Ne1 Bxg2 26. Nxg2 f5 27. exf6 Bxf6 28. f4
Nec6 29. Nf3 Qc7 30. Qe4 Qg7 31. fxg5 Bxg5 32. Nxg5 Rxf1+ 33. Rxf1 Qxg5 34. Bh4
Qg7 35. Rf6 Ne7 36. Qxe6+ Kh8 37. Rxh6+ 1-0

[Event "Outaouais-ch"]
[Site "Gatineau CAN"]
[Date "1996.??.??"]
[Round "3"]
[White "Maisonneuve, Paul"]
[Black "Roy, Roger"]
[Result "0-1"]
[WhiteElo "1477"]
[BlackElo "1714"]
[PlyCount "78"]
[EventDate "1996.03.01"]
[EventType "tourn"]
[EventRounds "9"]
[EventCountry "CAN"]

1. d4 Nf6 2. Nf3 e6 3. Bf4 c5 4. e3 Qb6 5. Nc3 cxd4 6. exd4 Bb4 7. Bd2 Nc6 8.
Na4 Bxd2+ 9. Qxd2 Qb4 10. b3 Ne4 11. Qxb4 Nxb4 12. Bd3 Nxd3+ 13. cxd3 Nf6 14.
O-O b5 15. Nc5 Nd5 16. Rac1 O-O 17. a3 d6 18. Ne4 Nf4 19. Nxd6 Ne2+ 20. Kh1
Nxc1 21. Rxc1 a6 22. Rc7 f6 23. h3 Rd8 24. Nxc8 Rdxc8 25. Re7 Rc6 26. d5 exd5
27. Nd4 Rc3 28. Rd7 Rxd3 29. Rxd5 Re8 30. f3 Re1+ 31. Kh2 Red1 32. Rd8+ Kf7 33.
Rd6 Rxd4 34. Rxa6 R4d3 35. b4 Ra1 36. Ra5 Raxa3 37. Rxb5 Rab3 38. Rb7+ Kg6 39.
b5 Rd2 0-1

[Event "Outaouais-ch"]
[Site "Gatineau CAN"]
[Date "1996.??.??"]
[Round "3"]
[White "Van Adel, Steven"]
[Black "Groleau, Gilles"]
[Result "1-0"]
[WhiteElo "1794"]
[BlackElo "1999"]
[PlyCount "99"]
[EventDate "1996.03.01"]
[EventType "tourn"]
[EventRounds "9"]
[EventCountry "CAN"]

1. Nf3 Nf6 2. g3 b6 3. Bg2 Bb7 4. O-O e6 5. d3 Be7 6. e4 O-O 7. Nbd2 d5 8. e5
Nfd7 9. Re1 c5 10. h4 Nc6 11. Nf1 Qc7 12. Bf4 a5 13. Qe2 b5 14. h5 Nd4 15. Nxd4
cxd4 16. Nh2 Rfc8 17. Rac1 b4 18. Qg4 Kh8 19. Nf3 Qb6 20. h6 g6 21. Bg5 Bc5 22.
Qf4 Kg8 23. Bf6 Rc7 24. Bg7 Re8 25. Nh2 Bc6 26. Bh3 Bb5 27. Nf3 a4 28. Ng5 Nb8
29. Qf6 Rb7 30. Kg2 b3 31. axb3 axb3 32. c4 dxc4 33. dxc4 Bc6+ 34. f3 Na6 35.
Red1 Rd7 36. Rd3 Ba4 37. Ne4 Qd8 38. Qf4 Be7 39. Bf6 Rc7 40. Bxe7 Rexe7 41.
Rxd4 Qc8 42. Qf6 Qf8 43. Rd8 Re8 44. Rxe8 Bxe8 45. Qd8 Qe7 46. Nf6+ Kh8 47.
Qxe8+ Qxe8 48. Nxe8 Rd7 49. Nd6 Nb4 50. Ra1 1-0

[Event "Outaouais-ch"]
[Site "Gatineau CAN"]
[Date "1996.??.??"]
[Round "4"]
[White "Groleau, Gilles"]
[Black "Laurin, Jacques"]
[Result "1-0"]
[WhiteElo "1999"]
[BlackElo "1777"]
[PlyCount "77"]
[EventDate "1996.03.01"]
[EventType "tourn"]
[EventRounds "9"]
[EventCountry "CAN"]

1. e4 e5 2. Nf3 Nc6 3. Bb5 a6 4. Ba4 Nf6 5. Qe2 b5 6. Bb3 d6 7. a4 Bg4 8. axb5
Nd4 9. Qd3 Bxf3 10. gxf3 axb5 11. Rxa8 Qxa8 12. c3 Nxb3 13. Qxb5+ Nd7 14. Qxb3
Nc5 15. Qa3 Nd3+ 16. Ke2 Nf4+ 17. Kd1 Qc6 18. d4 d5 19. Qb3 Nd3 20. Be3 Be7 21.
exd5 Qg6 22. Qb5+ c6 23. Qxc6+ Qxc6 24. dxc6 Nxb2+ 25. Kc2 Na4 26. Nd2 O-O 27.
Nc4 exd4 28. cxd4 Rc8 29. Ra1 Nb6 30. Nxb6 Rxc6+ 31. Kd3 Rxb6 32. Ra8+ Bf8 33.
d5 Rb5 34. Kc4 Rb4+ 35. Kd3 Rb3+ 36. Ke4 Rb4+ 37. Ke5 Rc4 38. d6 f6+ 39. Kd5
1-0

[Event "Outaouais-ch"]
[Site "Gatineau CAN"]
[Date "1996.??.??"]
[Round "4"]
[White "Papineau, Andre"]
[Black "Jobin, Gilles G"]
[Result "1/2-1/2"]
[WhiteElo "1703"]
[BlackElo "1845"]
[PlyCount "56"]
[EventDate "1996.03.01"]
[EventType "tourn"]
[EventRounds "9"]
[EventCountry "CAN"]

1. d4 d5 2. c4 e6 3. Nf3 Nf6 4. Bg5 Be7 5. e3 c6 6. Nc3 Nbd7 7. Rc1 Ne4 8. Bxe7
Qxe7 9. a3 f5 10. cxd5 exd5 11. Ne2 O-O 12. g3 Ndf6 13. Bh3 Ng4 14. O-O g5 15.
Bxg4 fxg4 16. Ne5 Bf5 17. Nc3 Nf6 18. Na4 Rac8 19. Qd2 Nd7 20. Nxd7 Bxd7 21.
Nc3 Bf5 22. b4 h6 23. f4 gxf3 24. Rxf3 Bh3 25. Rxf8+ Rxf8 26. Re1 Rf3 27. Nd1
Qf7 28. Nf2 Bd7 1/2-1/2

[Event "Outaouais-ch"]
[Site "Gatineau CAN"]
[Date "1996.??.??"]
[Round "4"]
[White "Van Adel, Steven"]
[Black "Cote, Jacques"]
[Result "0-1"]
[WhiteElo "1794"]
[BlackElo "2071"]
[PlyCount "64"]
[EventDate "1996.03.01"]
[EventType "tourn"]
[EventRounds "9"]
[EventCountry "CAN"]

1. e4 c5 2. Nf3 d6 3. d3 g6 4. g3 Bg7 5. Bg2 Nc6 6. O-O Nf6 7. Nbd2 O-O 8. c3
Qc7 9. a4 Rd8 10. Qc2 d5 11. Re1 e5 12. Rb1 h6 13. b4 c4 14. d4 exd4 15. Nxd4
Nxd4 16. cxd4 dxe4 17. Bb2 Bf5 18. Qxc4 Qxc4 19. Nxc4 e3 20. Rbc1 exf2+ 21.
Kxf2 Ng4+ 22. Kg1 Bxd4+ 23. Bxd4 Rxd4 24. Bxb7 Rb8 25. Re7 Bd7 26. Na5 Kf8 27.
Rce1 Bxa4 28. Bc6 Rdxb4 29. Bd5 Be8 30. Nc6 Bxc6 31. Rxf7+ Kg8 32. Rxa7+ Bxd5
0-1

[Event "Outaouais-ch"]
[Site "Gatineau CAN"]
[Date "1996.??.??"]
[Round "5"]
[White "Laurin, Jacques"]
[Black "Van Adel, Steven"]
[Result "0-1"]
[WhiteElo "1777"]
[BlackElo "1794"]
[PlyCount "78"]
[EventDate "1996.03.01"]
[EventType "tourn"]
[EventRounds "9"]
[EventCountry "CAN"]

1. c4 e5 2. Nc3 Bb4 3. Qc2 Nc6 4. e3 Nf6 5. Bd3 Qe7 6. Nd5 Qd8 7. a3 Bf8 8. Nf3
g6 9. b4 Bg7 10. Bb2 d6 11. b5 Ne7 12. e4 Nd7 13. O-O Nc5 14. Be2 O-O 15. d4
exd4 16. Bxd4 Bxd4 17. Nxd4 Nxd5 18. cxd5 Qf6 19. Nf3 Qe7 20. Bd3 Bg4 21. Nd2
Rfe8 22. f3 Bd7 23. Rac1 f5 24. Rfe1 fxe4 25. Nxe4 Nxe4 26. Rxe4 Qg5 27. f4 Qf6
28. Rce1 Rxe4 29. Rxe4 Re8 30. Rxe8+ Bxe8 31. Qa4 Qa1+ 32. Kf2 Qb2+ 33. Kg3 a6
34. Qe4 Bxb5 35. Qe6+ Kg7 36. Qe7+ Kg8 37. Qd8+ Kg7 38. Qxc7+ Kh6 39. Qc2 Qxa3
0-1

[Event "Outaouais-ch"]
[Site "Gatineau CAN"]
[Date "1996.??.??"]
[Round "5"]
[White "Maisonneuve, Paul"]
[Black "Papineau, Andre"]
[Result "0-1"]
[WhiteElo "1477"]
[BlackElo "1703"]
[PlyCount "58"]
[EventDate "1996.03.01"]
[EventType "tourn"]
[EventRounds "9"]
[EventCountry "CAN"]

1. d4 Nf6 2. Nf3 e6 3. Bf4 b6 4. e3 Bb7 5. h3 Be7 6. Nbd2 O-O 7. Bd3 d5 8. a4
a5 9. O-O Nbd7 10. Re1 c5 11. c3 Ne4 12. Bh2 f5 13. Ne5 Nxd2 14. Qxd2 Bd6 15.
f4 c4 16. Bc2 Nf6 17. Qd1 Qc7 18. g4 Ne4 19. Bxe4 dxe4 20. gxf5 Rxf5 21. Kf2
Rd8 22. Kg2 Rdf8 23. Ng4 h5 24. Ne5 Bd5 25. Ng6 R8f6 26. Nh4 Bxf4 27. Bxf4 Rxf4
28. Qxh5 Rf2+ 29. Kh1 Qh2# 0-1

[Event "Outaouais-ch"]
[Site "Gatineau CAN"]
[Date "1996.??.??"]
[Round "6"]
[White "Groleau, Gilles"]
[Black "Danis, Jacques"]
[Result "1-0"]
[WhiteElo "1999"]
[BlackElo "1622"]
[PlyCount "91"]
[EventDate "1996.03.01"]
[EventType "tourn"]
[EventRounds "9"]
[EventCountry "CAN"]

1. e4 c5 2. Nf3 d6 3. Bb5+ Bd7 4. Bxd7+ Nxd7 5. O-O Ngf6 6. Qe2 e5 7. c4 Be7 8.
Nc3 a6 9. d3 O-O 10. a4 Qc7 11. h3 h6 12. Nh4 Kh7 13. Nf5 Qd8 14. Bd2 Rc8 15.
g3 Re8 16. Kg2 Bf8 17. Rh1 g6 18. Ne3 Bg7 19. Raf1 Nf8 20. Ned5 Ne6 21. Nxf6+
Bxf6 22. Nd5 Bg7 23. Qe1 b6 24. a5 b5 25. cxb5 axb5 26. b4 cxb4 27. Bxb4 Nd4
28. Qb1 Nc6 29. Rc1 Nxb4 30. Rxc8 Qxc8 31. Qxb4 Qc5 32. Rb1 Rc8 33. Qxb5 Qc2
34. Ne3 Qc3 35. Rb3 Qc1 36. Nc4 Rc5 37. Qb4 Qa1 38. Ra3 Qd4 39. a6 Rc7 40. Qxd6
Qxd6 41. Nxd6 Bf8 42. a7 Rxa7 43. Rxa7 Bxd6 44. Rxf7+ Kg8 45. Rd7 Bc5 46. Rd5
1-0

[Event "Outaouais-ch"]
[Site "Gatineau CAN"]
[Date "1996.??.??"]
[Round "6"]
[White "Jobin, Gilles G"]
[Black "Cote, Jacques"]
[Result "1/2-1/2"]
[WhiteElo "1845"]
[BlackElo "2071"]
[PlyCount "56"]
[EventDate "1996.03.01"]
[EventType "tourn"]
[EventRounds "9"]
[EventCountry "CAN"]

1. e4 e5 2. Bc4 Nc6 3. d3 Nf6 4. Nf3 Be7 5. Nc3 O-O 6. Bg5 d6 7. a3 Bg4 8. h3
Bxf3 9. Qxf3 Nd4 10. Qd1 c6 11. Ne2 d5 12. Bxf6 Bxf6 13. Ba2 Qa5+ 14. c3 Nxe2
15. Qxe2 Rad8 16. O-O Rfe8 17. Rfd1 Re7 18. Qg4 g6 19. Qf3 Bg7 20. exd5 cxd5
21. b4 Qxa3 22. Bxd5 Qxc3 23. Rxa7 Qxb4 24. Rxb7 Rxb7 25. Bxb7 Qb3 26. Ba6 e4
27. Bc4 exf3 28. Bxb3 fxg2 1/2-1/2

[Event "Outaouais-ch"]
[Site "Gatineau CAN"]
[Date "1996.??.??"]
[Round "6"]
[White "Maisonneuve, Paul"]
[Black "Charbonneau, Alain"]
[Result "0-1"]
[WhiteElo "1477"]
[BlackElo "1790"]
[PlyCount "77"]
[EventDate "1996.03.01"]
[EventType "tourn"]
[EventRounds "9"]
[EventCountry "CAN"]

1. d4 Nf6 2. Nf3 e6 3. Bf4 Bb4+ 4. c3 Be7 5. h3 d6 6. Nbd2 b6 7. e4 Bb7 8. Bd3
O-O 9. Qc2 Nh5 10. Bh2 g6 11. a4 Nd7 12. g4 Ng7 13. Rg1 c5 14. e5 cxd4 15. exd6
dxc3 16. bxc3 Bg5 17. Ne4 Bxe4 18. Bxe4 Rc8 19. Kf1 Bf6 20. Ra3 Ne8 21. Qd2 Nc5
22. Bb1 Qd7 23. Bc2 Rd8 24. Kg2 Nxd6 25. Rd1 Be7 26. Qe2 Qb7 27. Kf1 Nde4 28.
Nd4 Nxc3 29. Rxc3 Bd6 30. f3 Be7 31. a5 Rd5 32. axb6 Bf6 33. Rc4 Rfd8 34. Nb3
Nxb3 35. Bxb3 Qxb6 36. Bc2 Rxd1+ 37. Bxd1 Qb1 38. Ke1 Bh4+ 39. Kf1 0-1

[Event "Outaouais-ch"]
[Site "Gatineau CAN"]
[Date "1996.??.??"]
[Round "6"]
[White "Papineau, Andre"]
[Black "Van Adel, Steven"]
[Result "0-1"]
[WhiteElo "1703"]
[BlackElo "1794"]
[PlyCount "40"]
[EventDate "1996.03.01"]
[EventType "tourn"]
[EventRounds "9"]
[EventCountry "CAN"]

1. d4 f5 2. c4 Nf6 3. Nc3 e6 4. Nf3 Be7 5. g3 O-O 6. Bg2 d5 7. O-O c6 8. Ne5
Nbd7 9. cxd5 exd5 10. Nd3 Bd6 11. Bf4 Be7 12. Rc1 Qe8 13. b4 a6 14. Nc5 Nb6 15.
a4 Ne4 16. Qb3 Kh8 17. a5 Nc4 18. N3xe4 fxe4 19. Na4 Rxf4 20. Rxc4 dxc4 0-1

[Event "Outaouais-ch"]
[Site "Gatineau CAN"]
[Date "1996.??.??"]
[Round "6"]
[White "Roy, Roger"]
[Black "Laurin, Jacques"]
[Result "0-1"]
[WhiteElo "1714"]
[BlackElo "1777"]
[PlyCount "126"]
[EventDate "1996.03.01"]
[EventType "tourn"]
[EventRounds "9"]
[EventCountry "CAN"]

1. c4 e5 2. Nc3 Nf6 3. g3 Bb4 4. Bg2 c6 5. Nf3 d6 6. O-O Bf5 7. Qb3 Na6 8. Nh4
Bc8 9. d3 O-O 10. Bg5 Bxc3 11. Qxc3 Re8 12. e4 Nxe4 13. Bxe4 Qxg5 14. f4 Qd8
15. Rae1 Bh3 16. Bg2 Bxg2 17. Kxg2 f6 18. fxe5 dxe5 19. Nf3 Qd6 20. d4 exd4 21.
Qxd4 Qxd4 22. Nxd4 Nb4 23. a3 Nd3 24. Rxe8+ Rxe8 25. b3 c5 26. Nb5 Re2+ 27. Kg1
a6 28. Nd6 b6 29. Rd1 Ne5 30. Nc8 Nf3+ 31. Kf1 Rd2 32. Rxd2 Nxd2+ 33. Kf2 Nxb3
34. Nxb6 Kf7 35. Ke3 Ke6 36. Nd5 a5 37. Nc3 Nd4 38. Ke4 f5+ 39. Kf4 h6 40. Nd5
g5+ 41. Ke3 Nc2+ 42. Kd3 Nxa3 43. Nc7+ Ke5 44. Nd5 f4 45. gxf4+ gxf4 46. Nc3 f3
47. Ne4 Nxc4 48. Nxc5 Kd5 49. Nb3 a4 50. Na1 Ne5+ 51. Ke3 Kc4 52. Kd2 f2 53.
Nc2 f1=N+ 54. Kc1 Kc3 55. h4 Nd3+ 56. Kd1 h5 57. Na3 Ne3+ 58. Ke2 Ng2 59. Nb5+
Kb4 60. Nd4 Nc1+ 61. Kd1 Nb3 62. Ne2 Ne3+ 63. Ke1 a3 0-1

[Event "Outaouais-ch"]
[Site "Gatineau CAN"]
[Date "1996.??.??"]
[Round "7"]
[White "Cote, Jacques"]
[Black "Papineau, Andre"]
[Result "1-0"]
[WhiteElo "2071"]
[BlackElo "1703"]
[PlyCount "67"]
[EventDate "1996.03.01"]
[EventType "tourn"]
[EventRounds "9"]
[EventCountry "CAN"]

1. e4 c5 2. Nf3 Nc6 3. d4 cxd4 4. Nxd4 g6 5. c4 Bg7 6. Be3 Nf6 7. Nc3 O-O 8.
Be2 d6 9. O-O Bd7 10. f4 Nxd4 11. Bxd4 Bc6 12. Qd3 a6 13. a4 a5 14. Qe3 Nd7 15.
e5 dxe5 16. fxe5 e6 17. Rad1 Qc7 18. Rf6 Rad8 19. Rdf1 Nxf6 20. exf6 Bh8 21.
Bb6 Qc8 22. Bxa5 Rd7 23. b4 Qa8 24. Bb6 Bxa4 25. Ne4 Bc6 26. Ng5 Qa2 27. b5
Bxg2 28. Kxg2 Rd2 29. Rf2 Bxf6 30. Ne4 Bh4 31. Nxd2 Bxf2 32. Kxf2 Ra8 33. Bd4
Rd8 34. Qe5 1-0

[Event "Outaouais-ch"]
[Site "Gatineau CAN"]
[Date "1996.??.??"]
[Round "7"]
[White "Danis, Jacques"]
[Black "Charbonneau, Alain"]
[Result "0-1"]
[WhiteElo "1622"]
[BlackElo "1790"]
[PlyCount "78"]
[EventDate "1996.03.01"]
[EventType "tourn"]
[EventRounds "9"]
[EventCountry "CAN"]

1. e4 c5 2. d4 cxd4 3. c3 dxc3 4. Nxc3 e6 5. Bc4 Bc5 6. Nf3 Ne7 7. Qe2 d6 8.
O-O O-O 9. Rd1 a6 10. Bf4 b5 11. Bb3 Bb7 12. Bxd6 Bxd6 13. e5 Ng6 14. Rxd6 Qe7
15. Rad1 Nf4 16. Qe3 g5 17. Ne4 Bxe4 18. Qxe4 Ra7 19. g3 Ng6 20. Bc2 Rd7 21. h4
gxh4 22. gxh4 f5 23. exf6 Rxf6 24. Rxd7 Nxd7 25. h5 Rf4 26. Qb7 Ngf8 27. Kf1
Qf7 28. Ke2 Qxh5 29. Rg1+ Ng6 30. Qc8+ Rf8 31. Qc6 Kh8 32. Bxg6 hxg6 33. Rg2
Ne5 34. Qc3 Qxf3+ 35. Qxf3 Rxf3 36. Rg5 Rf5 37. Rg3 Kg7 38. b3 Kf6 39. Rc3 g5
0-1

[Event "Outaouais-ch"]
[Site "Gatineau CAN"]
[Date "1996.??.??"]
[Round "7"]
[White "Laurin, Jacques"]
[Black "Jobin, Gilles G"]
[Result "0-1"]
[WhiteElo "1777"]
[BlackElo "1845"]
[PlyCount "96"]
[EventDate "1996.03.01"]
[EventType "tourn"]
[EventRounds "9"]
[EventCountry "CAN"]

1. d4 d5 2. c4 e6 3. Nf3 Nf6 4. Nc3 c6 5. g3 Nbd7 6. Bg5 Qc7 7. Bg2 h6 8. Bxf6
Nxf6 9. Ne5 Bd6 10. cxd5 exd5 11. Nd3 Bf5 12. O-O h5 13. Rc1 Qd7 14. e4 dxe4
15. Nxe4 Nxe4 16. Re1 O-O-O 17. Bxe4 Bxe4 18. Rxe4 h4 19. g4 Rhe8 20. Rxe8 Rxe8
21. f3 Qe6 22. Nf2 Qe3 23. Rc2 Bc7 24. Qd3 Qxd3 25. Nxd3 Re3 26. Nc5 Rxf3 27.
Re2 Rf4 28. Re8+ Bd8 29. Re4 Rxe4 30. Nxe4 Bb6 31. Nd6+ Kd7 32. Nf5 g6 33. Nxh4
Bxd4+ 34. Kf1 Bxb2 35. Nf3 c5 36. Ke2 b5 37. Kd2 c4 38. Kc2 Bf6 39. g5 Bg7 40.
a4 b4 41. Nd2 c3 42. Nc4 Ke6 43. Kb3 Be5 44. h3 Bf4 45. Na5 Kd5 46. h4 Bd6 47.
Nc4 Bc5 48. a5 c2 0-1

[Event "Outaouais-ch"]
[Site "Gatineau CAN"]
[Date "1996.??.??"]
[Round "7"]
[White "Roy, Roger"]
[Black "Groleau, Gilles"]
[Result "0-1"]
[WhiteElo "1714"]
[BlackElo "1999"]
[PlyCount "86"]
[EventDate "1996.03.01"]
[EventType "tourn"]
[EventRounds "9"]
[EventCountry "CAN"]

1. d4 Nf6 2. c4 e6 3. Nf3 b6 4. Bf4 Bb7 5. e3 Bb4+ 6. Nc3 O-O 7. Bd3 Ne4 8. Rc1
f5 9. O-O Bxc3 10. bxc3 h6 11. h4 d6 12. d5 e5 13. Bxe5 dxe5 14. Nxe5 Qf6 15.
Bxe4 fxe4 16. Qd4 Re8 17. f4 exf3 18. Nxf3 Qe7 19. Rce1 Nd7 20. e4 Ne5 21. Nxe5
Qxe5 22. Qxe5 Rxe5 23. Rf5 Rae8 24. Rxe5 Rxe5 25. Kf2 Ba6 26. Ke3 Rh5 27. g3 g5
28. Kd4 gxh4 29. gxh4 Rxh4 30. c5 Rh2 31. Rd1 Rxa2 32. d6 cxd6 33. cxd6 Bc8 34.
Ke5 Bd7 35. Kf6 Kf8 36. Kg6 Rg2+ 37. Kxh6 Kf7 38. Rf1+ Ke6 39. Rd1 Re2 40. Ra1
a5 41. c4 Kxd6 42. Rd1+ Kc7 43. Rd4 Bc6 0-1

[Event "Outaouais-ch"]
[Site "Gatineau CAN"]
[Date "1996.??.??"]
[Round "7"]
[White "Van Adel, Steven"]
[Black "Maisonneuve, Paul"]
[Result "1-0"]
[WhiteElo "1794"]
[BlackElo "1477"]
[PlyCount "92"]
[EventDate "1996.03.01"]
[EventType "tourn"]
[EventRounds "9"]
[EventCountry "CAN"]

1. Nf3 Nf6 2. g3 c6 3. Bg2 g6 4. O-O Bg7 5. d3 O-O 6. e4 d6 7. h3 Nbd7 8. c3 a5
9. Kh2 Rb8 10. Nh4 c5 11. a4 b6 12. f4 e6 13. Na3 Bb7 14. Be3 d5 15. e5 Ne8 16.
d4 Ba6 17. Rf2 Nc7 18. Nf3 Re8 19. g4 f6 20. Qd2 c4 21. h4 b5 22. axb5 Bxb5 23.
Nxb5 Rxb5 24. Bh3 f5 25. gxf5 gxf5 26. Rg1 Kh8 27. Rfg2 Rg8 28. Ng5 Qe8 29. Qf2
h6 30. Nf3 Rb8 31. Qg3 Qf7 32. h5 Nf8 33. Qh4 Ne8 34. Bc1 a4 35. Rg3 Nh7 36.
Bf1 Rb7 37. Be2 Qe7 38. Qh3 Ra7 39. Qg2 Ra8 40. Kh3 Nc7 41. Nh4 Nf8 42. Rg6 Qf7
43. Rg3 Nb5 44. Bxc4 Rb8 45. Be2 a3 46. bxa3 Nxc3 1-0